Lending slows but still hits a peak (Record no. 70338)

MARC details
000 -LEADER
fixed length control field 00894cam a2200217 4500
001 - CONTROL NUMBER
control field WB3819-08
008 - FIXED-LENGTH DATA ELEMENTS--GENERAL INFORMATION
fixed length control field 020523n2002 000 0 eng u
035 ## - SYSTEM CONTROL NUMBER
System control number (Sirsi) u118106
245 ## - TITLE STATEMENT
Title Lending slows but still hits a peak
260 ## - PUBLICATION, DISTRIBUTION, ETC.
Date of publication, distribution, etc. 2002
490 ## - SERIES STATEMENT
Series statement Estates Gazette
Volume/sequential designation (0220) 18 May 2002, 30(1)
520 ## - SUMMARY, ETC.
Summary, etc. According to DTZ Research, bank lending to property companies has slowed over the first quarter (Q1) of 2002 but still reached a record total of £105bn. Bank of England figures also reveal that commercial property debt increased by 3.9% in Q1 2002. DTZ Research at http://www.dtzresearch.com. Bank of England at http://www.bankofengland.co.uk
590 ## - LOCAL NOTE (RLIN)
Local note WB
650 ## - SUBJECT ADDED ENTRY--TOPICAL TERM
Topical term or geographic name entry element DTZ RESEARCH
650 ## - SUBJECT ADDED ENTRY--TOPICAL TERM
Topical term or geographic name entry element BANK LENDING
650 ## - SUBJECT ADDED ENTRY--TOPICAL TERM
Topical term or geographic name entry element PROPERTY COMPANIES
650 ## - SUBJECT ADDED ENTRY--TOPICAL TERM
Topical term or geographic name entry element PROPERTY DEBT
650 ## - SUBJECT ADDED ENTRY--TOPICAL TERM
Topical term or geographic name entry element BANK OF ENGLAND
690 ## - LOCAL SUBJECT ADDED ENTRY--TOPICAL TERM (OCLC, RLIN)
Topical term or geographic name as entry element PROPERTY-COMMERCIAL PROPERTY
942 ## - ADDED ENTRY ELEMENTS (KOHA)
Suppress in OPAC 0
Holdings
Withdrawn status Lost status Source of classification or shelving scheme Damaged status Not for loan Home library Current library Shelving location Date acquired Total Checkouts Full call number Barcode Date last seen Copy number Price effective from Koha item type
    Dewey Decimal Classification     London London News article 23/05/2002   WB3819-08 118106-1001 06/08/2019 1 06/08/2019 News article